000 00873nam a2200229 a 4500
001 65172
003 BD-RjUL
005 20211209081408.0
008 170301s1969 bg |||| |||| 0|0 0 ben d
020 _c: Tk. 6.50
035 _a(BD-RjUL)65302
040 _aBD-RjUL
_bben
_cBD-RjUL
_dBD-RjUL
041 _aben
082 _223
_a891.4409
_bKAA 1969
100 1 _aকরিম, সরদার ফজলুল
_9175742
245 1 0 _aআমাদের সাহিত্য /
_cসরদার ফজলুল করিম
260 _aঢাকা :
_bবাংলা একাডেমী,
_c১৯৬৯ [১৩৭৬]
300 _a৩২৩ পৃ. ;
_c১৯ সেমি.
650 _aবাংলা সাহিত্য
_xইতিহাস ও সমালোচনা
_9179529
650 _aBengali Literature
_xHistory and Criticism
_9188646
942 _2ddc
_cBK
999 _c65172
_d65172